000 00405nam a22001457a 4500
005 20200604095043.0
008 200604b xxu||||| |||| 00| 0 eng d
082 _a345.4 AIR
110 _aThe All India Reporter
_95768
245 _aThe All India Reporter1964 (V-51) STATUTE AND ARTICLES Section
260 _aBOMBAY
_bThe All India Reporter Ltd.
300 _a736p.
650 _aLAW
_95701
942 _cJRL
999 _c6791
_d6789